MARC

LEADER 00000nam0a2200000 4500
001 135317
005 20231031140025.0
035 |a (RuTPU)RU\TPU\book\146653 
090 |a 135317 
100 |a 20080409d1966 m y0rusy50 ca 
101 0 |a rus 
102 |a RU 
105 |a a z 001zy 
200 1 |a Техника безопасности в цехах лакокрасочных покрытий  |f Ю. А. Духанин 
210 |a Москва  |c Машиностроение  |d 1966 
215 |a 115 с.  |c ил. 
320 |a Библиогр.: с. 112-113. 
610 1 |a окрасочные работы 
610 1 |a машиностроительные заводы 
610 1 |a окрасочные цехи 
610 1 |a санитария 
610 1 |a гигиена 
610 1 |a техника безопасности 
675 |a 621.795.3  |v 3 
700 1 |a Духанин  |b Ю. А.  |g Юрий Александрович 
801 1 |a RU  |b 63413507  |c 20080409  |g PSBO 
801 2 |a RU  |b 63413507  |c 20081111  |g PSBO 
942 |c BK